000 00405nam a22001337a 4500
020 _a 9780658000737
040 _cNust
082 _a658.83421
_bABR
100 _aBill Abrams
_9128007
245 _aObservational Research Handbook
_bUnderstanding How Consumers Live with Your Product
260 _aNew York:
_bMcGraw-Hill,
_c2000.
650 _aObservational Research Handbook
_9128008
942 _2ddc
_cBK
999 _c613012
_d613012